Glossary of histopathological terms

Guardat en:
Dades bibliogràfiques
Autor principal: Law, John W.
Format: Llibre
Idioma:Undetermined
Publicat: London Butterworths 1973
Matèries:
Etiquetes: Afegir etiqueta
Sense etiquetes, Sigues el primer a etiquetar aquest registre!
Thư viện lưu trữ: Trung tâm Học liệu Trường Đại học Cần Thơ
LEADER 00525nam a2200193Ia 4500
001 CTU_150362
008 210402s9999 xx 000 0 und d
082 |a 611.018 
082 |b L416 
100 |a Law, John W. 
245 0 |a Glossary of histopathological terms 
245 0 |c John W. Law, H. John Oliver 
260 |a London 
260 |b Butterworths 
260 |c 1973 
650 |a Histology,Histology,Pathology 
650 |x Pathological 
904 |i Giang 
980 |a Trung tâm Học liệu Trường Đại học Cần Thơ